Prabháta samgiita : the lyrics and their English renderings : selected songs /
Saved in:
| Main Author: | |
|---|---|
| Other Authors: | |
| Format: | Book |
| Language: | English Bengali |
| Published: |
[Kolkata] :
Ananda Márga Publications (Central),
[2003-2015]
|
| Subjects: | |
| Tags: |
Add Tag
No Tags, Be the first to tag this record!
|
| LEADER | 01905cam a2200469 i 4500 | ||
|---|---|---|---|
| 001 | 13073891 | ||
| 005 | 20180213094431.0 | ||
| 008 | 081020m20032015ii 001 0 eng d | ||
| 010 | |a 2016317532 | ||
| 035 | |a (OCoLC)ocn277280072 | ||
| 040 | |a DKAGE |b eng |e rda |c DLC |d DKAGE |d OCLCF |d OCLCO |d OCLCQ | ||
| 019 | |a 277539929 | ||
| 020 | |a 9788172522254 |q (v. 1) | ||
| 020 | |a 8172522258 |q (v. 1) | ||
| 020 | |a 9788172523336 |q (v. 2) | ||
| 020 | |a 8172523335 |q (v. 2) | ||
| 025 | |a I-E-2016317532; 16-91 | ||
| 035 | |a (OCoLC)277280072 |z (OCoLC)277539929 | ||
| 037 | |b Library of Congress -- New Delhi Overseas Office | ||
| 041 | 1 | |a eng |a ben |h ben | |
| 042 | |a lccopycat |a lcode | ||
| 043 | |a a-ii--- | ||
| 050 | 0 | 0 | |a PK1718.S3295 |b A2 2003 |
| 082 | 0 | 4 | |a 782.420 954 14 |2 22 |
| 049 | |a ZCUA | ||
| 100 | 1 | |a Sarkar, Prabhat Ranjan, |d 1921-1990, |e author. | |
| 245 | 1 | 0 | |a Prabháta samgiita : |b the lyrics and their English renderings : selected songs / |c Prabhat Ranjan Sarkar ; translated from the original Bengali by Ác. Priyashivánanda Avt. |
| 264 | 1 | |a [Kolkata] : |b Ananda Márga Publications (Central), |c [2003-2015] | |
| 300 | |a 2 volumes ; |c 22 cm | ||
| 336 | |a text |b txt |2 rdacontent | ||
| 337 | |a unmediated |b n |2 rdamedia | ||
| 338 | |a volume |b nc |2 rdacarrier | ||
| 500 | |a Includes index. | ||
| 505 | 0 | |a Part 1. [without special title] -- part 2. Songs of festivals, ceremonies and other themes. | |
| 546 | |a Includes verses in Bengali |b (latin script); translation and publisher's note in English. | ||
| 650 | 0 | |a Songs, Bengali. | |
| 650 | 0 | |a Songs, Bengali |v Translations into English. | |
| 650 | 7 | |a Songs, Bengali. |2 fast |0 (OCoLC)fst01126272 | |
| 655 | 7 | |a Translations. |2 fast |0 (OCoLC)fst01423791 | |
| 700 | 1 | 2 | |a Sarkar, Prabhat Ranjan, |d 1921-1990. |t Songs. |k Selections. |
| 700 | 1 | 2 | |a Sarkar, Prabhat Ranjan, |d 1921-1990. |t Songs. |k Selections. |l English. |
| 852 | 0 | 1 | |b glx4off |h PK1718.S3295 |i A2 2003 |


